000 00587nam a2200229Ia 4500
003 OSt
005 20220928113029.0
006 a|||||r|||| 00| 0
007 ta
008 220927b |||||||| |||| 00| 0 eng d
024 _a65005
037 _cReference Collections
040 _aSDCL
_cSDCL
_beng
041 _2eng
_aeng
082 _an73,N, N8
245 0 _aUSA and CANADA 1998
250 _a3 rd
260 _aUnited
_bKingdom Europa Publications
_c1997
300 _av-624 p.
_ccm.
942 _hn73,N, N8
_cREF
_2CC
999 _c747775
_d747775